Từ điển huyệt vị châm cứu
Trong mấy mươi năm gần đây, khoa châm cứu được phát triển mạnh ở nhiều nước trên thế giới. Ở trong nước, nhiều người cũng đã quan tâm tìm hiểu ngành khoa học cổ điển đầy hấp dẫn này. Từ Điển Huyệt Vị Châm Cứu là một cuốn sách...
Sparad:
| Huvudupphovsman: | |
|---|---|
| Materialtyp: | Bok |
| Språk: | Vietnamese |
| Publicerad: |
Huế
Thuận Hóa
2016
|
| Upplaga: | Tái bản lần thứ ba |
| Ämnen: | |
| Taggar: |
Lägg till en tagg
Inga taggar, Lägg till första taggen!
|
| Thư viện lưu trữ: | Thư viện Trường Đại học Nam Cần Thơ |
|---|
| LEADER | 01471nam a22002177a 4500 | ||
|---|---|---|---|
| 001 | NCT_28572 | ||
| 008 | 180411b xxu||||| |||| 00| 0 vie d | ||
| 999 | |c 1372 |d 1372 | ||
| 020 | |a 9786049036590 |c 430000 | ||
| 082 | 0 | 4 | |2 23rd ed. |a 615.882 |b Ng566 |
| 100 | 1 | |a Lê Quý Ngưu | |
| 245 | 1 | 0 | |a Từ điển huyệt vị châm cứu |c Lê Quý Ngưu |
| 250 | |a Tái bản lần thứ ba | ||
| 260 | |a Huế |b Thuận Hóa |c 2016 | ||
| 300 | |a 1150tr. |b minh họa |c 28cm | ||
| 500 | |a Bảng mục lục tra huyệt vị: tr1091-tr1117 Bảng mục lục theo A,B,C: tr1129-tr1150 | ||
| 520 | |a Trong mấy mươi năm gần đây, khoa châm cứu được phát triển mạnh ở nhiều nước trên thế giới. Ở trong nước, nhiều người cũng đã quan tâm tìm hiểu ngành khoa học cổ điển đầy hấp dẫn này. Từ Điển Huyệt Vị Châm Cứu là một cuốn sách quý, rất bổ ích và cần thiết cho sinh viên y khoa và những lương y châm cứu. Sách được biên soạn công phu, có nhiều hình ảnh minh họa, bìa cứng | ||
| 653 | |a Y đa khoa | ||
| 942 | |2 ddc |c BK | ||
| 952 | |0 0 |1 0 |2 ddc |4 0 |6 615_882000000000000_NG566 |7 0 |9 6769 |a 000001 |b 000001 |d 2018-04-11 |o 615.882 Ng566 |p MD.10788 |r 2018-04-11 |v 430000.00 |w 2018-04-11 |y BK | ||
| 980 | |a Thư viện Trường Đại học Nam Cần Thơ | ||


